000 00300nam a22001337a 4500
008 170606b xxu||||| |||| 00| 0 eng d
020 _a9780792280309
041 _aeng
080 _a94(7/8)
100 _a18
101 _aSHH
245 _aAMERICA'S HISTORIC TRAILS
_cTHOMPSON,J
942 _2udc
_cBK
999 _c16013
_d16013